000 00866nam a2200229 a 4500
001 20973
003 BD-RjUL
005 20211209000632.0
008 140302s1963 ja a b 000 0 eng d
035 _a(BD-RjUL)21035
040 _aVA@
_cVA@
_dBD-RjUL
_beng
041 _aeng
082 0 0 _a895.6
_bSEV 1963
100 1 _aHisamatsu, Senʼichi,
_d1894-1976.
_964795
245 1 4 _aThe vocabulary of Japanese literary aesthetics /
_cby Hisamatsu Sen'ichi.
260 _aTokyo :
_bCentre for East Asian Cultural Studies,
_c1963.
300 _a112 p., 5 leaves of plates :
_bill. (1 col.) ;
_c22 cm
500 _a"published with the assistance of UNESCO in implementation of the Major Project on Mutual Appreciation of Eastern and Western Cultural Values"
504 _aIncludes bibliographical references.
650 0 _aLiterature
_xAesthetics.
_93378
942 _2ddc
_cBK
999 _c20973
_d20973